Financing social services (Record no. 367919)

000 -LEADER
fixed length control field 00409cam a22001337a 4500
008 - FIXED-LENGTH DATA ELEMENTS--GENERAL INFORMATION
fixed length control field 180718b1992 xxu||||| |||| 00| 0 eng d
082 ## - DEWEY DECIMAL CLASSIFICATION NUMBER
Classification number T19x5491 F49
100 ## - MAIN ENTRY--PERSONAL NAME
Personal name Altaf, Mir Anjum
245 ## - TITLE STATEMENT
Title Financing social services
260 ## - PUBLICATION, DISTRIBUTION, ETC.
Place of publication, distribution, etc. Karachi
Name of publisher, distributor, etc. Oxford
Date of publication, distribution, etc. 1992
300 ## - PHYSICAL DESCRIPTION
Extent p 175-190
500 ## - GENERAL NOTE
General note [In] Financing Pakistan's development in the 1990s, edited by Anjum Nasim
650 ## - SUBJECT ADDED ENTRY--TOPICAL TERM
Topical term or geographic name entry element Social Service - Pakistan
Holdings
Withdrawn status Lost status Damaged status Not for loan Permanent Location Current Location Date acquired Full call number Barcode Date last seen Price effective from Koha item type
        Indian Institute of Public Administration Indian Institute of Public Administration 1994-05-18 T19x5491 F49 CB494 2018-07-21 2018-07-21 CB

Powered by Koha